000 00431nam a22001457a 4500
003 OSt
005 20240425122148.0
008 240425b |||||||| |||| 00| 0 eng d
040 _cMRSPTU
100 _aSwami, Nirvedanand (स्वामी, निर्वेदानन्द)
245 _aHamari Shiksha (हमारी शिक्षा
260 _aNagpur
_bRam Krishan Muth
_c2011
300 _a121
942 _2ddc
_cBK
_n0
999 _c10148
_d10148